| 000 | 01230fam a2200373 a 4500 | ||
|---|---|---|---|
| 005 | 20260322212101.0 | ||
| 008 | data | ||
| 010 | _a 91047119 | ||
| 020 | _a0880484241 | ||
| 020 | _a9780880484244 | ||
| 040 |
_aDNLM/DLC _cDLC _dCtY-M |
||
| 050 | 0 | 0 |
_aRJ504.5 _b.D33 1992 |
| 060 | _aWS 350.2 D152p | ||
| 100 | 1 |
_aDalton, Richard, _d1949- |
|
| 245 | 1 | 0 |
_aPsychiatric hospitalization of school-age children / _cRichard Dalton & Marc A. Forman. |
| 250 | _a[1st ed.] | ||
| 260 |
_aWashington, DC : _bAmerican Psychiatric Press, _cc1992. |
||
| 263 | _a9209 | ||
| 300 |
_axv, 203 p. ; _c24 cm. |
||
| 504 | _aIncludes bibliographical references and index. | ||
| 590 | _aIncludes bibliographical references and index. | ||
| 650 | 0 |
_aChild psychotherapy _xResidential treatment. |
|
| 650 | 0 |
_aMentally ill children _xHospital care. |
|
| 650 | 0 | _aPsychiatric hospital care. | |
| 650 | 2 | _aChild, Hospitalized. | |
| 650 | 2 | _aHospitals, Psychiatric. | |
| 650 | 2 | _aHospitalization. | |
| 650 | 2 |
_aMental Disorders _xin infancy & childhood. |
|
| 650 | 2 |
_aMental Disorders _xtherapy. |
|
| 650 | 2 |
_aPsychotherapy _xin infancy & childhood. |
|
| 650 | 2 |
_aPsychotherapy _xmethods. |
|
| 700 | 1 |
_aForman, Marc A., _d1935- |
|
| 001 | data | ||
| 999 |
_c1453 _d1453 |
||